Statistics for Last 5 countries at war by continent

Click here to take the quiz!

General Stats

  • This quiz has been taken 80 times
    (38 since last reset)
  • The average score is 13 of 25

Answer Stats

HintAnswer% Correct
2022Russia
93%
2022Ukraine
90%
1990United States
80%
1945Argentina
70%
1942Canada
70%
1988Iran
70%
1988Iraq
70%
1945Brazil
67%
1942Mexico
63%
1945Chile
60%
2012South Sudan
60%
2012Sudan
60%
1945Venezuela
53%
2020Armenia
50%
2020Azerbaijan
50%
1945Italy
50%
1990Panama
43%
1945Uruguay
43%
2008Georgia
40%
2010Chad
33%
1941Haiti
33%
2010Eritrea
27%
1945Finland
27%
1945Romania
20%
2010Djibouti
17%

Score Distribution

Percentile by Number Answered

Percent of People with Each Score

Your Score History

You have not taken this quiz since the last reset